Les vertus théologales (Record no. 143529)

MARC details
000 -LEADER
campo de control de longitud fija 00738nam a2200217 4500
001 - NÚMERO DE CONTROL
campo de control 143529
003 - IDENTIFICADOR DE NÚMERO DE CONTROL
campo de control ES-MaACL
005 - FECHA Y HORA DE LA ÚLTIMA TRANSACCIÓN
campo de control 20250829063126.0
007 - CAMPO FIJO DE DESCRIPCIÓN FÍSICA--INFORMACIÓN GENERAL
campo de control de longitud fija t|
008 - DATOS DE LONGITUD FIJA--INFORMACIÓN GENERAL
campo de control de longitud fija 070214s1913 fr r ||||1| fre d
100 1# - ENTRADA PRINCIPAL--NOMBRE DE PERSONA
Nombre de persona Sertillanges, Antonin-Dalmace,
Fechas asociadas al nombre 1863-1948
9 (RLIN) 105847
245 14 - MENCIÓN DEL TÍTULO
Título Les vertus théologales
Resto del título : choix de textes précédés d'une étude /
Mención de responsabilidad, etc. par A.-D. Sertillanges.
260 ## - PUBLICACIÓN, DISTRIBUCIÓN, ETC.
Lugar de publicación, distribución, etc. Paris :
Nombre del editor, distribuidor, etc. H. Laurens,
Fecha de publicación, distribución, etc. 1913 (
Lugar de fabricación/manufactura Evreux :
Fabricante Ch. Hérissey)
300 ## - DESCRIPCIÓN FÍSICA
Extensión 3 v. :
Otras características físicas il. ;
Dimensiones 25 x 17 cm.
500 ## - NOTA GENERAL
Nota general Contiene: I . La Foi ----- II . L'Espérance ------ III . La Charité.
740 0# - ENTRADA AGREGADA--TÍTULO RELACIONADO/ANALÍTICO NO CONTROLADO
Título relacionado o analítico no controlado La Foi.
740 0# - ENTRADA AGREGADA--TÍTULO RELACIONADO/ANALÍTICO NO CONTROLADO
Título relacionado o analítico no controlado L'Espérance.
740 0# - ENTRADA AGREGADA--TÍTULO RELACIONADO/ANALÍTICO NO CONTROLADO
Título relacionado o analítico no controlado La Charité.
852 ## - LOCALIZACIÓN
Ubicación ES-MaACL
Número de control de estantería F-1040-42
Holdings
Estatus retirado Estado de pérdida Estado de daño No para préstamo Biblioteca de origen Biblioteca actual Ubicación en estantería Fecha de adquisición Fuente de adquisición Total de préstamos Signatura topográfica completa Código de barras Visto por última vez Precio de reemplazo Tipo de ítem Koha
        Biblioteca del Ateneo de Madrid Biblioteca del Ateneo de Madrid Depósito 2 17/01/2008     F-1040-42 1149330 23/02/2023 23/02/2023 Libro impreso